Statystyki dla Czy wiesz z jakiego kraju jest to imię i nazwisko męskie?

Kliknij tutaj aby rozwiązać quiz!

Ogólne statystyki

  • Ten quiz został rozwiązany 63 razy
    (54 od ostatniego zresetowania)
  • Średni wynik to 12 z 64

Statystyki odpowiedzi

imię i nazwiskokraj% Poprawnych
Filip MarcinkowskiPolska
98%
Toyo KuramotoJaponia
63%
Chao ZhengChiny
53%
Iñaki FernándezHiszpania
51%
Gavin O'ReillyIrlandia
51%
Damir GrgićChorwacja
47%
Kwang-il ChoeKorea Północna
47%
Sang-wook HanKorea Południowa
47%
Stefan BaumgartnerAustria
42%
Alf Brynjar HjálmarssonIslandia
40%
Essam El-MagdyEgipt
37%
Timi RuohonenFinlandia
35%
Tobias-Seeger HansenDania
33%
Ádám MészárosWęgry
33%
Georgi ApostolovBułgaria
30%
Jakub NavratilCzechy
30%
Rémy DutournierFrancja
30%
Fabio FreulerSzwajcaria
30%
Jonas MartinssonSzwecja
28%
Antonio CamposanoWłochy
26%
Sarunas JanusevskisLitwa
23%
Aivars ŠtrombergsŁotwa
23%
Haroun Ait BencherifaAlgieria
21%
Nikita SidorBiałoruś
21%
Saloum CeesayGambia
21%
Fernando PereiraPortugalia
21%
Ranjeet BalakrishnanIndie
19%
Declan McCullochSzkocja
19%
Agim ÇelajAlbania
16%
Ben VeerheyenBelgia
16%
Lalaïna AndriatsimaMadagaskar
16%
Stanley ChukwudeNigeria
14%
Runar Andre FloNorwegia
14%
Jordan JacobsAustralia
12%
Christopher DellingerNiemcy
12%
Utku KöstereliTurcja
12%
James MowlesAnglia
9%
Kristjan TambergEstonia
9%
Adrian CobreaRumunia
9%
Ousmane DiagneSenegal
9%
Drahoslav BuriSłowacja
9%
Ibrahim AgyemangGhana
7%
Johnstone OnyangoKenia
7%
Justin AzzopardiMalta
7%
Dilshod OtakhonovUzbekistan
7%
Claudio SittaroArgentyna
5%
Jeison MontezumaEkwador
5%
Victor OmossolaKamerun
5%
Naeem SadatAfganistan
2%
Phuntsho ZangpoBhutan
2%
Avinesh WaqanicakauFiji
2%
Darwin AngelesFilipiny
2%
Souksavanh ChanthalangsyLaos
2%
Kassem Al KhateebLiban
2%
Ryan Fa'amoanaSamoa Amerykańskie
2%
Abd-El-Aziz AbdullahiSomalia
2%
Pasin JamnongwatTajlandia
2%
Omar RazaulBangladesz
0%
Onkabetse KebaikanyeBotswana
0%
Yabe FoussaDżibuti
0%
Joao ThéophileGwadelupa
0%
Nadeo TupamahuIndonezja
0%
Sharul Saad AizulridzwanMalezja
0%
Salam AbdulrahmanZjednoczone Emiraty Arabskie (ZEA)
0%

Rozkład punktacji

Percentyl według liczby udzielonych odpowiedzi

Procent ludzi z każdym wynikiem

Twoja historia wyników

Nie rozwiązałeś tego quizu od ostatniego zresetowania